Front Office (Record no. 82)

MARC details
000 -LEADER
Fixed length control field 00558nam a2200205 4500
003 - CONTROL NUMBER IDENTIFIER
Control field SEACOMMC
005 - DATE AND TIME OF LATEST TRANSACTION
Control field 20231010091203.0
008 - FIXED-LENGTH DATA ELEMENTS--GENERAL INFORMATION
Fixed length control field 231010b |||||||| |||| 00| 0 eng d
020 ## - INTERNATIONAL STANDARD BOOK NUMBER / ISBN
Price Rs. 225.00
040 ## - CATALOGING SOURCE
Original cataloging agency SEACOMMC
082 ## - DEWEY DECIMAL CLASSIFICATION NUMBER
Classification number 005.74
Book Number ABB
100 1# - MAIN ENTRY--PERSONAL NAME
Personal name Abbott, Peter
245 1# - TITLE STATEMENT
Title Front Office
Sub title procedures, social skills, yield and management
Statement of responsibility Peter Abbott and Sue Lewry
250 ## - EDITION STATEMENT
Edition statement 2nd ed.
260 ## - IMPRINT
Place of publication New Delhi
Name of publisher Elsevier
Date of publication 2006
650 ## - SUBJECT ADDED ENTRY--TOPICAL TERM
Topical term Computer science
650 ## - SUBJECT ADDED ENTRY--TOPICAL TERM
Topical term Data files and databases
700 1# - ADDED ENTRY--PERSONAL NAME
Personal name Lewry, Sue
942 ## - ADDED ENTRY ELEMENTS (KOHA)
Koha item type Books
Holdings
Withdrawn status Lost status Source of classification Damaged status Not for loan Home library Current library Date acquired Total Checkouts Call number Accession number Date last seen Price effective from Koha item type
    Dewey Decimal Classification     SEACOM MANAGEMENT COLLEGE SEACOM MANAGEMENT COLLEGE 22/07/2006   005.74 ABB 04127 10/10/2023 10/10/2023 Books
© Seacom Engineering College, All rights reserved.    Powered by Koha